01000nam a2200277 i 4500003000900000005001700009008004100026020001800067040004300085082001900128100002600147245006900173264004600242264001000288300004900298336002600347337002800373338002700401504005200428650002500480653001900505655001700524942001200541999001700553952015200570EG-ScBUE20260510111631.0200219t2025 enka f b 001 0 eng d a9781837402427 aEG-ScBUEbengerdacEG-ScBUEdEG-ScBUE04222a615.1bMEY1 aMeyer, Liam,eauthor.14aThe pharmacology of addiction and substance abuse /cLiam Meyer. 1aLondon :bPrimed Publishing Ltd.,c[2025] 4cc2025 ax, 197 pages :bcolor illustrations ;c30 cm 2rdacontentatextbtxt 2rdamediaaunmediatedbn 2rdacarrieravolumebnc aIncludes bibliographical references and index.  72BUEshaPharmacology. cMay2026bPPhrm vReading book 2ddccBB c31206d31177 00102ddc40708AlahramaMAINbMAINc1STd2026-05-10ePurchaseg3500.00h54l0o615.1 MEYp000057644r2026-05-10 00:00:00v4375.00w2026-05-10yBB